| 000 | 00514nam a2200169 a 4500 | ||
|---|---|---|---|
| 005 | 20140412111241.0 | ||
| 008 | 001129s19uu xx 00 eng d | ||
| 020 | _a0-201-19319-1 | ||
| 050 |
_aBB _bGo563 1989 |
||
| 245 |
_aGoldilocks and the three bears, level A / _cIllustrator Karen Schmidt. |
||
| 260 |
_aReading, Masachusettes : _bAddison-Wesley Publishing Comp. |
||
| 300 | _a16 p. ; ill. | ||
| 440 | _aAddison-Wesley, Level A | ||
| 650 | _aBears stories | ||
| 650 | _aChildren stories | ||
| 999 |
_c102705 _d102705 |
||